Neighbourhoods on the net: the nature and impact of internet-based neighbourhood information systems (Record no. 104502)
[ view plain ]
| 000 -LEADER | |
|---|---|
| fixed length control field | 01664cam a2200229 4500 |
| 001 - CONTROL NUMBER | |
| control field | L130646 |
| 008 - FIXED-LENGTH DATA ELEMENTS--GENERAL INFORMATION | |
| fixed length control field | 110922n2005 000 0 eng u |
| 020 ## - INTERNATIONAL STANDARD BOOK NUMBER | |
| International Standard Book Number | 1861347723 |
| 035 ## - SYSTEM CONTROL NUMBER | |
| System control number | (Sirsi) u130646 |
| 041 ## - LANGUAGE CODE | |
| Language code of text/sound track or separate title | eng |
| 100 ## - MAIN ENTRY--PERSONAL NAME | |
| Personal name | Burrows, Roger |
| 245 ## - TITLE STATEMENT | |
| Title | Neighbourhoods on the net: the nature and impact of internet-based neighbourhood information systems |
| 260 ## - PUBLICATION, DISTRIBUTION, ETC. | |
| Place of publication, distribution, etc. | Bristol |
| Name of publisher, distributor, etc. | Policy Press |
| Date of publication, distribution, etc. | 2005 |
| 300 ## - PHYSICAL DESCRIPTION | |
| Extent | 52p |
| 520 ## - SUMMARY, ETC. | |
| Summary, etc. | This Joseph Rowntree Foundation study by researchers from the Universities of York and Durham charts the rapid growth of internet-based neighbourhood information systems (IBNIS) that are making publicly available ever more detailed neighbourhood information. Based on interviews with site developers in the UK and USA the research looks at how technology can be used to classify and sort people and places. The study found that IBNIS have the potential to fundamentally change or solidify the image of individual neighbourhoods with real consequences for people on the ground. Raises concerns that taken as a whole IBNIS such as www.upmystreet.com could encourage social sorting. IBNIS can have a strong influence on the intensifying processes of social differentiation and fragmentation. Concludes that site developers and policy makers should co-operate to put into place a framework to minimise any damaging outcomes from IBNIS. |
| 590 ## - LOCAL NOTE (RLIN) | |
| Local note | IKA300805 |
| 690 ## - LOCAL SUBJECT ADDED ENTRY--TOPICAL TERM (OCLC, RLIN) | |
| Topical term or geographic name as entry element | PROPERTY-RESIDENTIAL PROPERTY-DOMESTIC RESIDENTIAL PROPERTY |
| 700 ## - ADDED ENTRY--PERSONAL NAME | |
| Personal name | Woods, Brian |
| 700 ## - ADDED ENTRY--PERSONAL NAME | |
| Personal name | Ellison, Nick |
| 856 ## - ELECTRONIC LOCATION AND ACCESS | |
| Uniform Resource Identifier | <a href="https://www.jrf.org.uk/sites/files/jrf/1861347723.pdf">https://www.jrf.org.uk/sites/files/jrf/1861347723.pdf</a> |
| Public note | View the study free of charge at www.jrf.org |
| 942 ## - ADDED ENTRY ELEMENTS (KOHA) | |
| Suppress in OPAC | 0 |
| Withdrawn status | Lost status | Source of classification or shelving scheme | Damaged status | Not for loan | Home library | Current library | Shelving location | Date acquired | Total Checkouts | Full call number | Barcode | Date last seen | Copy number | Price effective from | Koha item type |
|---|---|---|---|---|---|---|---|---|---|---|---|---|---|---|---|
| Dewey Decimal Classification | Virtual | Virtual | Online | 22/08/2005 | ONLINE PUBLICATION | 130646-2001 | 06/08/2019 | 1 | 06/08/2019 | Book |